| 000 | 01193cad a22002055a 4500 | ||
|---|---|---|---|
| 001 | E145902 | ||
| 008 | 081121e20081120xxk s000 0 eng d | ||
| 035 | _a(Sirsi) u145902 | ||
| 041 | 0 | _aeng | |
| 110 | 2 |
_aScotland _bScottish Government _95344 |
|
| 245 | 0 | 0 |
_aNational parks _h[electronic resource] |
| 260 | _c2008 | ||
| 490 |
_aScottish Government News Release _v20 November 2008 |
||
| 520 | _aAnnounces the publication of the National Parks Strategic Review Report and an accompanying consultation paper which seeks views on recommendations made in the report. Includes discussion on the most appropriate type of National Park body for delivering National Park functions in Scotland, and the most appropriate employer and governance arrangements for the National Park Authorities. Deadline for comments on the consultation paper is 12 February 2009. | ||
| 590 | _aKA | ||
| 651 | 4 |
_aScotland _y1999- |
|
| 690 | _aENVIRONMENTAL AND LAND CONSULTANCY-ENVIRONMENTAL MANAGEMENT-ENVIRONMENTAL CONSERVATION-LANDSCAPE CONSERVATION | ||
| 856 | 4 | 8 |
_uhttps://www.scotland.gov.uk/News/Releases/2008/11/20111002 _zView the news release and accompanying documents at www.scotland.gov.uk... |
| 942 | _n0 | ||
| 999 |
_c80970 _d80970 |
||